Statistiques concernant Espèces et races de la Terre du Milieu

Cliquez ici pour prendre le quiz!

Statistiques générales

  • Ce quiz a été pris 3 743 fois
  • Le résultat moyen est 10 sur 15

Statistiques - réponses

Personnage"Type"% Correct
LegolasElfe
98%
Frodon SacquetHobbit
98%
GimliNain
98%
Aragorn IIHomme
96%
GandalfIstar
90%
SmaugDragon
88%
BolgOrque
88%
ArachneAraignée géante
73%
SylvebarbeEnt
62%
UglukUruk-Hai
48%
Le Roi-Sorcier d'AngmarNazgûl
44%
Le Fléau de DurinBalrog
39%
William, Bert, TomTroll
37%
GwaihirAigle
30%
GripoilMearas
15%

Distribution des résultats

Percentile par nombre de réponses

% des personnes avec chaque résultat

Votre développement - résultats

Vous n’avez pas pris ce quiz